Fragrance brands most popular scent - Statistics

General Stats
  • This quiz has been taken 307 times
  • The average score is 20 of 69
Answer Stats
Brand Answer % Correct
Creed Aventus
79%
Dior (Main line) Sauvage
75%
Louis Vuitton (Main line) Imagination
72%
Versace Eros
64%
YSL (Main Line) Y
63%
Calvin Klein Ck One
60%
Gucci Guilty
60%
Joop! Homme
59%
Jean Paul Guiltier Le Male Elixir
55%
Paco Rabanne 1 Million
54%
Kilian Angels Share
54%
Nautica Voyage
54%
Parfums de marly Layton
53%
Xerjoff Naxos
52%
Maison Margiela Jazz Club
47%
Maison Francis Kurkdjian Baccarat Rouge 540
44%
Armani Stronger With You Intensely
44%
Davidoff Cool Water
43%
Chanel Bleu de Chanel EDP
42%
Tom Ford Tobacco Vanille
42%
Montblanc Explorer
41%
Lattafa Khamrah
41%
Burberry Hero
40%
Valentino Born In Roma Intense
38%
Byredo Bal d'Afrique
36%
Initio Side Effect
35%
Viktor & Rolf Spicebomb Extreme
35%
Azzaro The Most Wanted Parfum
35%
YSL (Private Line) Baby Cat
34%
Nishane Ani
33%
Prada L'Homme
32%
Givenchy Gentleman EDP Reserve Privee
30%
Montale Arabians Tonka
27%
Maison Crivelli Oud Maracuja
27%
Louis Vuitton (Extraits) Symphony
27%
Ferrari Black
26%
Stephan Humbert Lucas God of Fire
26%
Armaf Club de Nuit Intense Man
25%
Clive Christian Blonde Amber
23%
Le Labo Santal 33
23%
Ralph Lauren Polo Blue
22%
Cristiano Ronaldo CR7
20%
BDK Gris Charnel
19%
Penhaligons Halfeti
17%
Goldfield & Banks Ingenious Ginger
17%
Bond No. 9 New York Nights
17%
Roja Elysium Pour Homme
16%
Carolina Herrera Good Girl
16%
City Rhythm Miami
16%
Dior (Private line) Vanilla Diorama
14%
Mancera Amore Caffe
12%
Hugo Boss Boss Bottled Elixir
12%
Coach For Men
12%
Fragrance One Office
10%
Jo malone Wood Sage & Sea Salt
7%
Nasomatto Black Afgano
6%
Zoologist Bee
5%
Amouage Guidance
5%
Juliet has a gun Not a Perfume
5%
Lorenzo Pazzaglia Summer Hammer
4%
Messi Messi
3%
Zara Sunrise on the Red Sand Dunes
3%
Bujairami Agha
2%
Serge Lutens Chergui
2%
Acqua di Parma Blu Mediterraneo
1%
Dolce & Gabbana Devotion
1%
Oakcha That Girl
1%
Miller Harris L'Air de Rein
0%
Amara Power of Two
0%
No matching quizzes found
Score Distribution
Percent of People with Each Score
Percentile by Number Answered
Your Score History
You have not taken this quiz